| 000 | 01192nam a22003615a 4500 | ||
|---|---|---|---|
| 999 |
_c20902 _d20874 |
||
| 001 | 016866134 | ||
| 003 | OSt | ||
| 005 | 20201128023606.0 | ||
| 008 | 150812t2015 enka frd 001 0 eng d | ||
| 015 |
_aGBB5E2381 _2bnb |
||
| 020 | _a9781292018201 (paperback) | ||
| 020 | _a1292018208 (paperback) | ||
| 020 | _a129207826X | ||
| 020 | _a9781292078267 | ||
| 040 |
_aStDuBDS _beng _cStDuBDS _dEG-ScBUE _dEG-ScBUE |
||
| 082 | 0 | 4 |
_a658.15 _bGIT _222 |
| 100 | 1 |
_aGitman, Lawrence J. _911768 |
|
| 245 | 1 | 0 |
_aPrinciples of managerial finance / _cLawrence J. Gitman, Chad J. Zutter. |
| 250 | _a14th ed., Global ed. | ||
| 260 |
_aHarlow : _bPearson Education Limited, _cc.2015. |
||
| 300 |
_a1 v. (various pagings) : _bill. (col.) ; _c26 cm. |
||
| 500 | _aPrevious edition : 2012. | ||
| 500 | _aIncludes index. | ||
| 500 | _aIncludes glossary. | ||
| 500 | _aStudent access code : My lab. | ||
| 650 | 7 |
_aCorporations _xFinance. _2BUEsh _92321 |
|
| 650 | 7 |
_aBusiness enterprises _xFinance. _2BUEsh _91452 |
|
| 651 | _2BUEsh | ||
| 653 |
_bBUSECO _cOctober2015 _cSeptember2018 |
||
| 655 |
_vText book _933728 |
||
| 700 | 1 | _aZutter, Chad J. | |
| 856 | 0 | 4 |
_fStudent access code _uwww.pearsonmylabs.com |